Podnikateľ a poistenie

Druhá časť príspevku ( I. časť v EPP 1/1994) približuje osobitný druh činnosti poisťovne - likvidácii poistných udalostí. Od výkonu tohto druhu činnosti vo veľkej miere záleží na tom, či príslušná poisťovňa nielen získa svoju klientelu, ale najmä či si ju aj udrží (budovanie poistného kmeňa). 1. Vše...

Description complète

Enregistré dans:
Détails bibliographiques
Auteur principal: Kašiar, J.
Format: Chapitre de livre
Langue:slovaque
Sujets:
Tags: Ajouter un tag
Pas de tags, Soyez le premier à ajouter un tag!

MARC

LEADER 00000naa a2200000 4500
001 r015689
005 20221213113219.6
041 0 |a slo 
044 |a SK 
245 1 0 |a Podnikateľ a poistenie  |c J. Kašiar 
520 |a Druhá časť príspevku ( I. časť v EPP 1/1994) približuje osobitný druh činnosti poisťovne - likvidácii poistných udalostí. Od výkonu tohto druhu činnosti vo veľkej miere záleží na tom, či príslušná poisťovňa nielen získa svoju klientelu, ale najmä či si ju aj udrží (budovanie poistného kmeňa). 1. Všeobecná časť, 2. Osobitná časť - živelné a vodovodné poistné udalosti. Výklad jednotlivých pojmov. 
610 2 0 |a podnikatelia 
610 2 0 |a poistenie 
610 2 0 |a pojmy 
100 1 |a Kašiar, J.